Największe miasta w USA • A-Z - Statystyki

Ogólne statystyki
  • Ten quiz został rozwiązany 1 537 razy
  • Średni wynik to 8 z 23
Statystyki odpowiedzi
# Populacja USA miasto % Poprawnych
N 8,537,673 Nowy Jork
96%
L 3,976,322 Los Angeles
89%
C 2,704,958 Chicago
82%
W 681,170 Waszyngton
76%
H 2,303,482 Houston
62%
A 947,890 Austin
60%
B 673,184 Boston
59%
D 1,317,929 Dallas
57%
F 1,584,138 Filadelfia
56%
P 1,615,017 Phoenix
40%
I 855,164 Indianapolis
35%
S 1,492,510 San Antonio
30%
J 880,619 Jacksonville
25%
O 638,367 Oklahoma City
21%
K 481,420 Kansas City
20%
M 652,717 Memphis
12%
E 683,080 El Paso
7%
T 530,706 Tucson
7%
R 458,880 Raleigh
3%
G 287,027 Greensboro
2%
V 452,602 Virginia Beach
2%
Y 200,807 Yonkers
1%
U 76,000 Upland
0%
Nie znaleziono quizów pasujących do podanych kryteriów
Rozkład punktacji
Procent ludzi z każdym wynikiem
Percentyl według liczby udzielonych odpowiedzi
Twoja historia wyników
Nie rozwiązałeś tego quizu